000 00497nam a2200157 4500
008 011128s1983 us engYA
020 _a0310457912
090 _aPA836
_bG84n
100 1 _aGreenlee, J. Harold
245 1 0 _aA New Testament Greek morpheme lexicon /
_cJ. Harold Greenlee.
260 _aMichigan :
_bZondervan,
_cc1983.
300 _a333 p.
650 4 _aGreek language
_xExegetical grammar.
950 0 _10.95
951 _p8407
_x00009091
_oPA836/G84n
_j070613111022187
_d2000-12-21
_cREF
999 _c5096
_d5096